Quality Aspects: (Record no. 195237)

MARC details
000 -LEADER
fixed length control field 00472nam a22001697a 4500
005 - DATE AND TIME OF LATEST TRANSACTION
control field 20230314152739.0
010 ## - LCCN (DPL NO)
LC control number ENG-136392
020 ## - INTERNATIONAL STANDARD BOOK NUMBER
International Standard Book Number 9789392048043
Terms of availability 171.00
035 ## - SYSTEM CONTROL NUMBER
System control number EN-119924
037 ## - SOURCE OF ACQUISITION
Source of stock number/acquisition DBAD/PUB
082 ## - DEWEY DECIMAL CLASSIFICATION NUMBER
Classification number 728.084
100 ## - MAIN ENTRY--PERSONAL NAME
Personal name Sharma, J.M.
245 ## - TITLE STATEMENT
Title Quality Aspects:
Remainder of title all about home construction quality/
Statement of responsibility, etc by J.M. Sharma
260 ## - PUBLICATION, DISTRIBUTION, ETC. (IMPRINT)
Name of publisher, distributor, etc Abhisima Publications
300 ## - PHYSICAL DESCRIPTION
Extent 110p.
Dimensions 20cm(pbk)
942 ## - ADDED ENTRY ELEMENTS (KOHA)
Source of classification or shelving scheme Dewey Decimal Classification
Item type English Books
Classification part 728.084
Call number suffix QUA
Holdings
Withdrawn status Lost status Not for loan Collection code Home library Current library Date acquired Source of acquisition Cost, normal purchase price Full call number Barcode Copy number Koha item type
      Non-fiction Katevara Katevara 14/03/2023 DBAD/PUB 171.00 728.084 QUA EN-119924 1 English Books

© Delhi Public Library
Hit Counter
free hit counter